| 000 | 00409nam a2200145Ia 4500 | ||
|---|---|---|---|
| 008 | 230917s9999||||xx |||||||||||||| ||und|| | ||
| 040 |
_e61107 _aMAIN |
||
| 041 | _aEnglish | ||
| 082 | _a822.08 S26T | ||
| 100 | _aShaw, George Bernard | ||
| 245 | 0 | _aThree modern plays: 'Village Wooing', Shall We Join the Ladies', 'The Browning Version' | |
| 260 |
_aLondon _bMethuen _c1958 |
||
| 300 | _a136 p. | ||
| 942 | _cBK | ||
| 999 |
_c48840 _d48840 |
||